Bilder für die Ewigkeit : 3000 Jahre ägyptische Kunst : Heidelberger Schloss, 2. Juni bis 28. August 1983 /

محفوظ في:

المؤلف الرئيسي: Seipel, Wilfried (مؤلف)

مؤلفون مشاركون: Heidelberg (Germany), Baden-Württemberg (Germany)

التنسيق: كتاب

اللغة: German

منشور في: Konstanz : F. Stadler, c1983.

الموضوعات:

الوسوم: إضافة وسم

لا توجد وسوم, كن أول من يضع وسما على هذه التسجيلة!

رقم الطلب: N5350 .S44 1983

LEADER 01144namaa2200301 4500
001 25188
003 OSt
005 20250821092828.0
008 130303s1983 gw a bc 000 0 ger d
010 |a 83243083 
020 |a 3797701055 
040 |c ARCE Library 
043 |a f-ua--- 
050 4 |a N5350 .S44 1983 
100 1 |a Seipel, Wilfried,   |e author  |9 39649 
245 1 0 |a Bilder für die Ewigkeit :   |b 3000 Jahre ägyptische Kunst : Heidelberger Schloss, 2. Juni bis 28. August 1983 /   |c Wilfried Seipel. 
246 3 0 |a 3000 Jahre ägyptische Kunst. 
246 3 |a Dreitausend Jahre ägyptische Kunst. 
264 1 |a Konstanz :   |b F. Stadler,   |c c1983. 
300 |a 203, [1] pages :   |b illustrations (some color) ;   |c 24 cm. 
500 |a "Veranstalter der Ausstellung und Organisation: Stadt Heidelberg und Land Baden-Württemberg (Staatliches Liegenschaftsamt, Universität, Universitätsbibliothek)"--Title page verso. 
504 |a Bibliography : page [204]. 
650 0 |a Art, Egyptian  |v Exhibitions. 
710 2 |a Heidelberg (Germany) 
710 2 |a Baden-Württemberg (Germany) 
901 |a reviewed 
942 |c BK  |2 lcc 
999 |c 21141  |d 21141